An Official guide to Eastern Asia (Record no. 6584)

MARC details
000 -CABECERA
campo de control de longitud fija 00941nam a2200241 a 4500
001 - NÚMERO DE CONTROL
campo de control BRCA_6902
005 - FECHA Y HORA DE LA ÚLTIMA TRANSACCIÓN
campo de control 20190320205632.0
008 - DATOS DE LONGITUD FIJA--INFORMACIÓN GENERAL
campo de control de longitud fija 151111s1914----ja-abo####---#000-0#eng-#
041 ## - CÓDIGO DE LENGUA
Código de lengua del texto/banda sonora o título independiente eng
044 ## - CÓDIGO DEL PAÍS DE LA ENTIDAD EDITORA/PRODUCTORA
Código MARC del país ja
050 #4 - SIGNATURA TOPOGRÁFICA DE LA BIBLIOTECA DEL CONGRESO
Número de clasificación DS504
Número de documento/Ítem .I6 1914
245 10 - MENCIÓN DE TÍTULO
Título An Official guide to Eastern Asia
Resto del título trans-continental connections between Europe and Asia, Vol III North-eastern Japan.
260 ## - PUBLICACIÓN, DISTRIBUCIÓN, ETC.
Lugar de publicación, distribución, etc. Tokio, Japón
Nombre del editor, distribuidor, etc. The Imperial Japanese Goverment Railways
Fecha de publicación, distribución, etc. 1914
300 ## - DESCRIPCIÓN FÍSICA
Extensión x, 488 p.
Otras características físicas il. (algunas a color), mapas, fotografías
Dimensiones 16 cm.
500 ## - NOTA GENERAL
Nota general La biblioteca cuenta solo con el v.3 de 4 v.
500 ## - NOTA GENERAL
Nota general L162
650 14 - PUNTO DE ACCESO ADICIONAL DE MATERIA--TÉRMINO DE MATERIA
Término de materia o nombre geográfico como elemento de entrada Líneas Férreas
Subdivisión geográfica Asia Oriental
9 (RLIN) 17187
651 #4 - PUNTO DE ACCESO ADICIONAL DE MATERIA--NOMBRE GEOGRÁFICO
Nombre geográfico Asia Oriental
Subdivisión de forma Guía de viajeros
Subdivisión general Descripción y viajes
9 (RLIN) 17188
651 #4 - PUNTO DE ACCESO ADICIONAL DE MATERIA--NOMBRE GEOGRÁFICO
Nombre geográfico Manchuria (China)
Subdivisión de forma Guía de viajeros
Subdivisión general Descripción y viajes
9 (RLIN) 17189
651 #4 - PUNTO DE ACCESO ADICIONAL DE MATERIA--NOMBRE GEOGRÁFICO
Nombre geográfico Corea del Sur
Subdivisión de forma Guía de viajeros
Subdivisión general Descripción y viajes
9 (RLIN) 17190
902 ## - CATALOGADOR
Iniciales GFM
942 ## - ELEMENTOS DE PUNTO DE ACCESO ADICIONAL (KOHA)
Fuente del sistema de clasificación o colocación Library of Congress Classification
Tipo de ítem Koha Libros
Holdings
Estado de retiro Estado de pérdida Estado dañado No para préstamo Localización permanente Ubicación/localización actual Fecha de adquisición Número de inventario Total de préstamos Signatura topográfica completa Código de barras Fecha visto por última vez Precio válido a partir de Tipo de ítem Koha
El ejemplar forma parte de la colección y puede ser consultado según las políticas vigentes.       Biblioteca del Museo Franz Mayer (Rogerio Casas-Alatriste) Biblioteca del Museo Franz Mayer (Rogerio Casas-Alatriste) 15/11/2011 L162   DS504 .I6 1914 (L162) 7349 22/03/2019 22/03/2019 Libros